| 000 | 00843nas a2200277 4500 | ||
|---|---|---|---|
| 001 | BR2012007662 | ||
| 003 | BR-BrBNA | ||
| 005 | 20231205121316.0 | ||
| 007 | ta | ||
| 008 | 230509b bl.|||p| |||| 00| 00por d | ||
| 040 |
_aBR-BrBNA _bpor _cBiblioteca Nacional de Agricultura |
||
| 041 | _a(Pt) | ||
| 072 | _aL74 | ||
| 100 | 1 | _aAlves, G.E.S. | |
| 100 | 1 | _aCassou, F. | |
| 100 | 1 | _aFaleiros, R.R. | |
| 100 | 1 | _aOliveira, H.P. | |
| 245 | 1 | _aCólicas timpânicas em equinos: particularidades e procedimentos emergenciais | |
| 650 | _aEQUINO | ||
| 650 | _aDISTÚRBIO FISIOLÓGICO | ||
| 650 | _aCÓLICA | ||
| 650 | _aVETERINÁRIA | ||
| 773 | 0 |
_tCadernos Técnicos de Veterinária e Zootecnia (Brazil) _xISSN 1676-6024 _g(Mar 2009), no. 60 p. 92-104 _wBR2012007662 |
|
| 909 |
_a202311 _bLúcia _c55 _dLúcia Elande |
||
| 942 |
_2AGRIS _n0 _cANA |
||
| 999 |
_c222870 _d222870 |
||